The Analysis and Valuation of Health Care Enterprises
| Main Author: | |
|---|---|
| Other Authors: | |
| Format: | Book |
| Published: |
Chicago :
Appraisal Institute ,
1997
|
| Subjects: |
MARC
| LEADER | 00000cam a2200000 7i4500 | ||
|---|---|---|---|
| 001 | 0000001548 | ||
| 005 | 20050425.0 | ||
| 020 | |a 0922154325 | ||
| 040 | |a INS | ||
| 090 | 0 | 0 | |a RA981.A2 |b G488 1997 |
| 100 | 1 | |a Gimmy, Arthur E. | |
| 245 | 1 | 4 | |a The Analysis and Valuation of Health Care Enterprises |c Arthur E. Gimmy |
| 260 | |a Chicago : |b Appraisal Institute , |c 1997 | ||
| 300 | |a 300p. | ||
| 650 | 0 | 0 | |a Health facilities |x valuation |z US |
| 700 | 1 | |a Baumbach, Charles R. | |
| 999 | |a 0000007068 |b BOOK |c Open Shelf |e Default branch | ||